| 000 | 00000nam##2200000za#4500 |
| 001 | 9.625153 |
| 003 | CaOODSP |
| 005 | 20200327182416 |
| 007 | ta |
| 008 | 150406|1999||||xxc||||| f|0| 0 fre|d |
| 020 | |a0-662-84134-4 |
| 040 | |aCaOODSP|bfre |
| 043 | |an-cn--- |
| 086 | 1 |aMP32-28/98-16F |
| 110 | 1 |aCanada.|bDéveloppement des ressources humaines Canada. |bDirection générale de la recherche appliquée. |
| 245 | 13|aLe lieu a-t-il de l'importance? : |bune analyse hétérarchique des écarts attribuables à des considérations géographiques sur le comportement des enfants au Canada / |cpar Michael H. Boyle et Ellen L. Lipman. |
| 260 | |aOttawa - Ontario : |bDéveloppement des ressources humaines Canada. |c1999. |
| 300 | |avi, 35p. : |btableaux ; |c28 cm. |
| 490 | 1 |aDocument de travail|vW-98-16F |
| 500 | |a«Ce document compare l'influence des variables socio-économiques de la famille sur les comportements problèmes des enfants comme les problèmes affectifs, hyperactivité et les troubles de la conduite.»--Sommaire. |
| 504 | |aBibliographie. |
| 520 | 3 |aCe document compare l'influence des variables socio-économiques de la famille sur les comportements problèmes des enfants comme les problèmes affectifs, hyperactivité et les troubles de la conduite.--Sommaire |
| 546 | |aAbstract in English |
| 563 | |aCouverture souple |
| 590 | |a00-05|b2000-02-04 |
| 691 | 07|aEnfant|2gcpds |
| 691 | 07|aComportement|2gcpds |
| 691 | 07|aPolitique sociale|2gcpds |
| 720 | 1 |aLipman, Ellen L. |
| 720 | 1 |aBoyle, Michael H. |
| 775 | 08|tDo places matter? : |w(CaOODSP)9.614716 |
| 830 | #0|aDocument de travail ;|vW-98-16F|w(CaOODSP)9.513149 |